[Event "VIE-ch U11 Girls"]
[Site "Ho Chi Minh City"]
[Date "2014.07.14"]
[Round "3"]
[White "Nguyen, Thi Xuan Viet"]
[Black "Nguyen, Thi Ngoc Mai"]
[Result "0-1"]
[WhiteElo "1700"]
[BlackElo "1731"]
[PlyCount "73"]
[EventDate "2014.07.13"]
[EventType "swiss"]
[EventRounds "9"]
[EventCountry "VIE"]
[SourceTitle "EXT 2016"]
[Source "ChessBase"]
[SourceDate "2015.10.08"]
[SourceVersion "1"]
[SourceVersionDate "2015.10.08"]
[SourceQuality "1"]

1. e4 c5 2. Nf3 d6 3. d4 cxd4 4. Nxd4 Nf6 5. h3 Nxe4 6. Be3 g6 7. Bd3 Nf6 8. Nc3 Bg7 9. 0-0 0-0 10. Qf3 a6 11. Rfe1 Qc7 12. Re2 Nc6 13. Rae1 Ne5 14. Qf4 Nh5 15. Qh2 b5 16. Nd5 Qd8 17. Nf4 Nxf4 18. Qxf4 Nxd3 19. cxd3 e5 20. Nc6 exf4 21. Nxd8 fxe3 22. Nc6 exf2+ 23. Kxf2 Bb7 24. Nb4 Bd4+ 25. Kf1 a5 26. Nc2 Bxb2 27. Na1 Bxa1 28. Rxa1 Rae8 29. Rxe8 Rxe8 30. a4 b4 31. Rc1 Rc8 32. Rxc8+ Bxc8 33. Kf2 Bd7 34. Ke1 Bxa4 35. Kd2 Bb5 36. d4 d5 37. Kc2 0-1